Copper, chlorine and aluminum as source of electricity (Record no. 74676)

MARC details
000 -LEADER
fixed length control field 02369nam a22003017i 4500
003 - CONTROL NUMBER IDENTIFIER
control field URS
003 - CONTROL NUMBER IDENTIFIER
control field URS
005 - DATE AND TIME OF LATEST TRANSACTION
control field 20240416181558.0
008 - FIXED-LENGTH DATA ELEMENTS--GENERAL INFORMATION
fixed length control field 170701b xxu||||| |||| 00| 0 eng d
040 ## - CATALOGING SOURCE
Original cataloging agency URS
Language of cataloging eng
Description conventions rda
041 ## - LANGUAGE CODE
Language code of text/sound track or separate title eng
050 00 - LIBRARY OF CONGRESS CALL NUMBER
Classification number QC 516
Item number .C785 2015
245 ## - TITLE STATEMENT
Title Copper, chlorine and aluminum as source of electricity
Statement of responsibility, etc. Paul Jay D. Amaro... [et.al].
260 ## - PUBLICATION, DISTRIBUTION, ETC.
Date of publication, distribution, etc. 2015
300 ## - PHYSICAL DESCRIPTION
Extent 64 leaves :
Other physical details illustrations ;
Dimensions 28 cm.
336 ## - CONTENT TYPE
Content type term text
Content type code txt
Source rdacontent
337 ## - MEDIA TYPE
Media type term unmediated
Media type code n
Source rdamedia
338 ## - CARRIER TYPE
Carrier type term volume
Carrier type code nc
Source rdacarrier
502 ## - DISSERTATION NOTE
Degree type Thesis (Bachelor of Technology major in Electrical Technology) -- University of Rizal System-Morong.
520 ## - SUMMARY, ETC.
Summary, etc. EXECUTIVE SUMMARY: The general objective of this study is to determine the acceptability of Copper, Chlorine and Aluminum as Source of Electricity. It was conducted at University of Rizal System Morong Campus During S.Y. 2015-2016. The study made use of a developmental method and descriptive methods of research respectively. These methods were used to develop the copper, chlorine and aluminum as source of electricity and determined the level of acceptability in terms of design effectiveness, usability and maintenance. As to the acceptability of copper, chlorine and aluminum as source of electricity as perceived by the end-users and experts, it was found out that the device was extremely accepted by both group of respondents in terms of design, effectiveness, usability and maintenance. The finding revealed that the project derived as accurate results. Moreover, based from the findings it was concluded that there is no significant difference between the evaluation made by two groups of respondents in terms of design, effectiveness, usability and maintenance. It was recommended that only light appliances such as LED and charger may be used as load for the developed device. Further study on effectiveness of the different chemicals used in order to determine the electric current produce must be conducted.
650 ## - SUBJECT ADDED ENTRY--TOPICAL TERM
Topical term or geographic name entry element Electricity -- Experiments and study.
700 1# - ADDED ENTRY--PERSONAL NAME
Personal name Caasi, Paul Emmanuel L.
Relator term author
700 1# - ADDED ENTRY--PERSONAL NAME
Personal name Marbella, Christian Ronnel A.
Relator term author
700 1# - ADDED ENTRY--PERSONAL NAME
Personal name Nepomuceno, Jude J.
Relator term author
700 1# - ADDED ENTRY--PERSONAL NAME
Personal name Unson, Carlo M.
Relator term author
856 ## - ELECTRONIC LOCATION AND ACCESS
Materials specified Online Request for Student Unpublished Works
Uniform Resource Identifier <a href="https://forms.gle/7LqvGGkaDrUQqz429">https://forms.gle/7LqvGGkaDrUQqz429</a>
942 ## - ADDED ENTRY ELEMENTS (KOHA)
Source of classification or shelving scheme Library of Congress Classification
Koha item type Theses and dissertations

No items available.

University of Rizal System
Email us at univlibservices@urs.edu.ph

Visit our Website www.urs.edu.ph/library